| 000 | 00550nam a22001577a 4500 | ||
|---|---|---|---|
| 003 | OSt | ||
| 005 | 20150906153753.0 | ||
| 008 | 150906b xxu||||| |||| 00| 0 eng d | ||
| 040 | _cRUA | ||
| 082 | _aAGR ជួប 1990 B001 Or.1 | ||
| 100 |
_9121 _aជួប មុនី |
||
| 245 | _aប្រព័ន្ធជីសំរាប់ប្រើចំពោះពោតបង្កាត់ហុងគ្រីនិងផលិតផលរបស់វា | ||
| 260 |
_aPhnom Penh _bRUA _c1990 |
||
| 300 |
_a112p. _bill. _c29cm. |
||
| 942 |
_2ddc _cAGR |
||
| 999 |
_c110 _d110 |
||